000 00351nam a22001337a 4500
005 20250609143438.0
008 250609b |||||||| |||| 00| 0 eng d
050 _aBT966
_b.GRA
100 _aGRAHAM BILLY
245 _aANGELS;
_bGOD'S SECRET AGENTS
260 _aNEW YORK
_bGUIDEPOSTS ASSOCIATES, INC.
_cc1975
300 _axii, 175p
942 _2lcc
_cBK
_n0
999 _c6357
_d6357